[Event "Mombasa zt 4.2"]
[Site "Mombasa"]
[Date "2019.05.07"]
[Round "4"]
[White "Bajje, Endashaw Ashame"]
[Black "Mwaisumbe, Emmanuel"]
[Result "1-0"]
[WhiteElo "2018"]
[BlackElo "1694"]
[PlyCount "108"]
[EventDate "2019.05.05"]
[EventType "swiss"]
[EventRounds "9"]
[EventCountry "KEN"]
[SourceTitle "CBM 190 Extra"]
[Source "ChessBase"]
[SourceDate "2019.07.15"]
[SourceVersion "1"]
[SourceVersionDate "2019.07.15"]
[SourceQuality "1"]

1. e4 c5 2. Nf3 d6 3. c3 Nf6 4. h3 Nc6 5. Bd3 g6 6. 0-0 Bg7 7. a3 0-0 8. Bc2 e5 9. d3 b5 10. Be3 a5 11. a4 b4 12. c4 Nh5 13. Nbd2 f5 14. exf5 Bxf5 15. g4 Bd7 16. gxh5 Bxh3 17. hxg6 h5 18. Ng5 Bg4 19. f3 Bf5 20. Qe1 Qf6 21. Qg3 Qxg6 22. Nde4 Bxe4 23. Nxe4 Qxg3+ 24. Nxg3 h4 25. Ne4 Rad8 26. Bg5 Rd7 27. Bxh4 Nd4 28. Bd1 Nf5 29. Bg5 Kf7 30. Kf2 Ke6 31. Rh1 Rdf7 32. Be2 Nd4 33. Rh3 Kd7 34. Rg1 Kc6 35. Be3 Nf5 36. Rg6 Bf6 37. Nxf6 Rxf6 38. Rxf6 Rxf6 39. Rh7 Kb6 40. Bf1 Rg6 41. Bd2 Rg7 42. Rxg7 Nxg7 43. Bh3 Kc6 44. Bg5 Kc7 45. Ke3 Nh5 46. Bg4 Ng7 47. Ke4 Kb6 48. Kd5 Ne8 49. Be7 Kb7 50. Bxd6 Nf6+ 51. Kxe5 Ne8 52. Bd7 Ng7 53. f4 Nh5 54. f5 Ng7 1-0